[Event "WCO 2016"]
[Site "?"]
[Date "2016.09.11"]
[Round "9"]
[Board "1"]
[WhiteID "14102951"]
[White "Eljanov Pavel"]
[BlackID "5007003"]
[Black "Harikrishna P."]
[Result "1/2-1/2"]
[BlackElo "2752"]
[WhiteElo "2739"]
[LiveChessVersion "1.4.8"]

1. Nf3 {[%clk 1:30:56]} d5 {[%clk 1:30:39]} 2. g3 {[%clk 1:31:13]} Nf6
{[%clk 1:30:50]} 3. Bg2 {[%clk 1:31:35]} e6 {[%clk 1:31:14]} 4. O-O
{[%clk 1:31:16]} Be7 {[%clk 1:31:40]} 5. c4 {[%clk 1:31:07]} O-O {[%clk 1:31:56]}
6. b3 {[%clk 1:30:39]} c5 {[%clk 1:31:52]} 7. Bb2 {[%clk 1:28:39]} Nc6
{[%clk 1:32:13]} 8. e3 {[%clk 1:28:35]} b6 {[%clk 1:32:38]} 9. Nc3
{[%clk 1:28:59]} Ba6 {[%clk 1:33:01]} 10. d3 {[%clk 1:25:48]} Rc8
{[%clk 1:32:53]} 11. Qe2 {[%clk 1:15:13]} Qd7 {[%clk 1:33:17]} 12. Rad1
{[%clk 1:12:01]} Rfd8 {[%clk 1:31:53]} 13. h3 {[%clk 1:03:07]} Qe8
{[%clk 1:15:49]} 14. Rfe1 {[%clk 0:48:38]} h6 {[%clk 1:04:50]} 15. a3
{[%clk 0:44:05]} Bb7 {[%clk 0:54:53]} 16. Qc2 {[%clk 0:38:36]} Rd7
{[%clk 0:45:07]} 17. Ne2 {[%clk 0:36:01]} Nh7 {[%clk 0:42:26]} 18. h4
{[%clk 0:30:49]} Bf6 {[%clk 0:39:59]} 19. cxd5 {[%clk 0:27:37]} Rxd5
{[%clk 0:40:09]} 20. Qb1 {[%clk 0:27:13]} Bxb2 {[%clk 0:38:31]} 21. Qxb2
{[%clk 0:27:41]} Qe7 {[%clk 0:38:37]} 22. d4 {[%clk 0:26:17]} cxd4
{[%clk 0:36:40]} 23. Nfxd4 {[%clk 0:26:33]} Rdd8 {[%clk 0:36:03]} 24. Nxc6
{[%clk 0:25:57]} Bxc6 {[%clk 0:36:20]} 25. Bxc6 {[%clk 0:23:39]} Rxc6
{[%clk 0:36:30]} 26. Rxd8+ {[%clk 0:16:05]} Qxd8 {[%clk 0:36:11]} 27. Nd4
{[%clk 0:16:29]} Rc7 {[%clk 0:33:03]} 28. Rc1 {[%clk 0:15:37]} Nf6
{[%clk 0:29:58]} 29. b4 {[%clk 0:15:16]} a6 {[%clk 0:22:10]} 30. a4
{[%clk 0:14:20]} e5 {[%clk 0:18:24]} 31. Nf3 {[%clk 0:12:43]} Rxc1+
{[%clk 0:14:15]} 32. Qxc1 {[%clk 0:13:08]} Qe8 {[%clk 0:13:18]} 33. Qc2
{[%clk 0:07:21]} Qe6 {[%clk 0:10:58]} 34. b5 {[%clk 0:02:58]} axb5
{[%clk 0:07:39]} 35. axb5 {[%clk 0:03:19]} Kf8 {[%clk 0:03:39]} 36. Qc7
{[%clk 0:03:24]} Nd7 {[%clk 0:03:49]} 37. Qd8+ {[%clk 0:01:37]} Qe8
{[%clk 0:04:08]} 38. Qc7 {[%clk 0:02:05]} Qe6 {[%clk 0:04:28]} 39. Nd2
{[%clk 0:01:47]} Ke7 {[%clk 0:03:13]} 40. Nc4 {[%clk 0:31:31]} e4
{[%clk 0:32:04]} 41. Kg2 {[%clk 0:22:41]} g6 {[%clk 0:25:15]} 42. Qc6
{[%clk 0:15:33]} g5 {[%clk 0:20:02]} 43. Kf1 {[%clk 0:06:50]} gxh4
{[%clk 0:17:21]} 44. gxh4 {[%clk 0:07:17]} Qh3+ {[%clk 0:17:36]} 45. Ke1
{[%clk 0:07:23]} Qh1+ {[%clk 0:17:29]} 46. Ke2 {[%clk 0:05:51]} Qf3+
{[%clk 0:17:48]} 47. Ke1 {[%clk 0:06:13]} Qh1+ {[%clk 0:17:45]} 48. Ke2
{[%clk 0:06:23]} 1/2-1/2

[Event "WCO 2016"]
[Site "?"]
[Date "2016.09.11"]
[Round "9"]
[Board "2"]
[WhiteID "5018471"]
[White "Adhiban B."]
[BlackID "14103320"]
[Black "Ponomariov Ruslan"]
[Result "1/2-1/2"]
[BlackElo "2709"]
[WhiteElo "2671"]
[LiveChessVersion "1.4.8"]

1. e4 {[%clk 1:30:54]} e5 {[%clk 1:30:51]} 2. Nf3 {[%clk 1:31:19]} Nc6
{[%clk 1:31:10]} 3. Bc4 {[%clk 1:31:46]} Nf6 {[%clk 1:31:23]} 4. d3
{[%clk 1:32:10]} Bc5 {[%clk 1:29:35]} 5. O-O {[%clk 1:32:28]} O-O
{[%clk 1:28:55]} 6. Nbd2 {[%clk 1:32:51]} a6 {[%clk 1:26:48]} 7. c3
{[%clk 1:31:52]} d6 {[%clk 1:26:21]} 8. Bb3 {[%clk 1:32:04]} Re8 {[%clk 1:21:51]}
9. h3 {[%clk 1:20:52]} Be6 {[%clk 1:17:41]} 10. Re1 {[%clk 1:21:10]} h6
{[%clk 1:16:44]} 11. Nf1 {[%clk 1:20:38]} d5 {[%clk 1:14:47]} 12. exd5
{[%clk 1:04:33]} Bxd5 {[%clk 1:14:37]} 13. Be3 {[%clk 1:02:23]} Bf8
{[%clk 1:09:36]} 14. Ng3 {[%clk 1:01:13]} Na5 {[%clk 0:56:46]} 15. Bc2
{[%clk 0:59:10]} c5 {[%clk 0:56:09]} 16. a3 {[%clk 0:50:03]} Nc6 {[%clk 0:54:22]}
17. Nd2 {[%clk 0:50:12]} b5 {[%clk 0:48:28]} 18. a4 {[%clk 0:49:47]} Qc7
{[%clk 0:44:16]} 19. axb5 {[%clk 0:48:02]} axb5 {[%clk 0:44:37]} 20. Rxa8
{[%clk 0:47:07]} Rxa8 {[%clk 0:43:53]} 21. Bb3 {[%clk 0:47:14]} Rd8
{[%clk 0:41:22]} 22. Bxd5 {[%clk 0:35:27]} Nxd5 {[%clk 0:40:37]} 23. Qb3
{[%clk 0:35:45]} b4 {[%clk 0:30:53]} 24. Nge4 {[%clk 0:28:08]} Nf4
{[%clk 0:28:05]} 25. Bxf4 {[%clk 0:27:19]} exf4 {[%clk 0:28:27]} 26. Nf3
{[%clk 0:14:10]} Rxd3 {[%clk 0:25:22]} 27. Qc4 {[%clk 0:14:21]} Rd8
{[%clk 0:25:24]} 28. Ned2 {[%clk 0:14:11]} Na5 {[%clk 0:22:20]} 29. Qb5
{[%clk 0:13:54]} bxc3 {[%clk 0:20:23]} 30. bxc3 {[%clk 0:14:23]} Nb7
{[%clk 0:19:40]} 31. Ne4 {[%clk 0:12:59]} Nd6 {[%clk 0:17:30]} 32. Qxc5
{[%clk 0:11:28]} Qxc5 {[%clk 0:17:50]} 33. Nxc5 {[%clk 0:11:55]} Rc8
{[%clk 0:18:02]} 34. Nd3 {[%clk 0:08:01]} 1/2-1/2

[Event "WCO 2016"]
[Site "?"]
[Date "2016.09.11"]
[Round "9"]
[Board "3"]
[WhiteID "14109182"]
[White "Kryvoruchko Yuriy"]
[BlackID "5029465"]
[Black "Vidit Santosh Gujrathi"]
[Result "1/2-1/2"]
[BlackElo "2669"]
[WhiteElo "2693"]
[LiveChessVersion "1.4.8"]

1. e4 {[%clk 1:30:57]} e5 {[%clk 1:30:48]} 2. Nf3 {[%clk 1:31:18]} Nc6
{[%clk 1:31:00]} 3. Bb5 {[%clk 1:31:24]} Nf6 {[%clk 1:31:06]} 4. O-O
{[%clk 1:31:02]} Nxe4 {[%clk 1:31:29]} 5. d4 {[%clk 1:31:24]} Nd6
{[%clk 1:31:54]} 6. Bxc6 {[%clk 1:31:50]} dxc6 {[%clk 1:32:19]} 7. dxe5
{[%clk 1:32:14]} Nf5 {[%clk 1:32:44]} 8. Qxd8+ {[%clk 1:32:39]} Kxd8
{[%clk 1:33:09]} 9. Rd1+ {[%clk 1:31:43]} Ke8 {[%clk 1:33:32]} 10. h3
{[%clk 1:32:07]} Be7 {[%clk 1:33:05]} 11. Nc3 {[%clk 1:30:49]} Nh4
{[%clk 1:29:32]} 12. Nxh4 {[%clk 1:29:05]} Bxh4 {[%clk 1:29:53]} 13. Ne2
{[%clk 1:28:40]} h5 {[%clk 1:18:02]} 14. f3 {[%clk 1:28:30]} Bf5 {[%clk 1:05:29]}
15. Nd4 {[%clk 1:28:33]} Rd8 {[%clk 1:05:47]} 16. Bf4 {[%clk 1:25:17]} Bg6
{[%clk 0:57:04]} 17. c3 {[%clk 1:19:57]} Rd5 {[%clk 0:52:48]} 18. e6
{[%clk 1:03:01]} Bf6 {[%clk 0:52:31]} 19. Bxc7 {[%clk 0:56:48]} Bxd4+
{[%clk 0:51:17]} 20. Rxd4 {[%clk 0:56:46]} Rxd4 {[%clk 0:48:08]} 21. cxd4
{[%clk 0:40:14]} fxe6 {[%clk 0:48:29]} 22. Re1 {[%clk 0:39:56]} Kf7
{[%clk 0:48:22]} 23. Re3 {[%clk 0:40:17]} Rc8 {[%clk 0:45:58]} 24. Be5
{[%clk 0:40:38]} Rd8 {[%clk 0:45:16]} 25. Rb3 {[%clk 0:38:18]} Rd7
{[%clk 0:45:36]} 26. Kf2 {[%clk 0:38:26]} h4 {[%clk 0:37:35]} 27. Ke3
{[%clk 0:36:41]} Bf5 {[%clk 0:37:48]} 28. Rb4 {[%clk 0:34:04]} g5
{[%clk 0:36:31]} 29. a4 {[%clk 0:33:04]} Kg6 {[%clk 0:32:54]} 30. a5
{[%clk 0:32:16]} a6 {[%clk 0:32:29]} 1/2-1/2

[Event "WCO 2016"]
[Site "?"]
[Date "2016.09.11"]
[Round "9"]
[Board "4"]
[WhiteID "5021596"]
[White "Sethuraman S.P."]
[BlackID "14105730"]
[Black "Korobov Anton"]
[Result "0-1"]
[BlackElo "2675"]
[WhiteElo "2640"]
[LiveChessVersion "1.4.8"]

1. e4 {[%clk 1:30:39]} c5 {[%clk 1:30:46]} 2. Nf3 {[%clk 1:31:04]} d6
{[%clk 1:31:08]} 3. d4 {[%clk 1:31:31]} cxd4 {[%clk 1:31:31]} 4. Nxd4
{[%clk 1:31:57]} Nf6 {[%clk 1:31:50]} 5. Nc3 {[%clk 1:32:24]} Nc6
{[%clk 1:32:12]} 6. Bg5 {[%clk 1:32:33]} e6 {[%clk 1:32:34]} 7. Qd2
{[%clk 1:32:27]} a6 {[%clk 1:32:52]} 8. O-O-O {[%clk 1:32:11]} Bd7
{[%clk 1:33:11]} 9. f4 {[%clk 1:32:09]} Be7 {[%clk 1:33:34]} 10. Nf3
{[%clk 1:29:59]} b5 {[%clk 1:33:52]} 11. Bxf6 {[%clk 1:27:46]} gxf6
{[%clk 1:30:46]} 12. Kb1 {[%clk 1:26:56]} Qb6 {[%clk 1:30:31]} 13. g3
{[%clk 1:20:55]} Na5 {[%clk 1:25:49]} 14. f5 {[%clk 1:05:58]} b4 {[%clk 1:05:47]}
15. fxe6 {[%clk 1:06:16]} fxe6 {[%clk 1:05:44]} 16. Ne2 {[%clk 1:06:40]} Nc4
{[%clk 1:05:40]} 17. Qd4 {[%clk 0:54:07]} Qxd4 {[%clk 1:02:24]} 18. Rxd4
{[%clk 0:54:57]} Ne5 {[%clk 0:58:50]} 19. Bg2 {[%clk 0:54:57]} a5
{[%clk 0:57:45]} 20. Re1 {[%clk 0:51:33]} Rc8 {[%clk 0:54:16]} 21. Rdd1
{[%clk 0:49:07]} Kf7 {[%clk 0:46:39]} 22. Nf4 {[%clk 0:42:57]} Ng6
{[%clk 0:43:43]} 23. Nxg6 {[%clk 0:21:53]} hxg6 {[%clk 0:42:16]} 24. e5
{[%clk 0:22:19]} d5 {[%clk 0:38:28]} 25. exf6 {[%clk 0:22:13]} Bxf6
{[%clk 0:33:23]} 26. h4 {[%clk 0:22:39]} Rh5 {[%clk 0:31:01]} 27. Bh3
{[%clk 0:15:53]} Rc4 {[%clk 0:27:26]} 28. Re3 {[%clk 0:15:07]} d4
{[%clk 0:17:20]} 29. Re2 {[%clk 0:12:28]} Rhc5 {[%clk 0:14:17]} 30. Ne1
{[%clk 0:10:06]} Re5 {[%clk 0:13:48]} 31. Rf2 {[%clk 0:10:32]} Rf5
{[%clk 0:07:04]} 32. Re2 {[%clk 0:04:55]} Bc6 {[%clk 0:05:04]} 33. g4
{[%clk 0:05:15]} Re5 {[%clk 0:05:05]} 34. Rf2 {[%clk 0:05:12]} Ke7
{[%clk 0:04:41]} 35. g5 {[%clk 0:04:14]} Bh8 {[%clk 0:02:45]} 36. Nd3
{[%clk 0:04:32]} Re3 {[%clk 0:02:59]} 37. Bf1 {[%clk 0:02:57]} Be4
{[%clk 0:01:57]} 38. Nf4 {[%clk 0:02:47]} Rc8 {[%clk 0:02:21]} 39. Bd3
{[%clk 0:01:56]} Rg8 {[%clk 0:02:47]} 40. Ng2 {[%clk 0:30:43]} Rf3
{[%clk 0:32:12]} 41. Re2 {[%clk 0:30:05]} Bd5 {[%clk 0:27:15]} 42. Be4
{[%clk 0:27:10]} Bxe4 {[%clk 0:20:25]} 43. Rxe4 {[%clk 0:27:31]} Kd6
{[%clk 0:17:34]} 44. Ne1 {[%clk 0:11:52]} Rf1 {[%clk 0:17:20]} 45. c3
{[%clk 0:09:17]} bxc3 {[%clk 0:16:09]} 46. bxc3 {[%clk 0:09:44]} Rb8+
{[%clk 0:12:11]} 47. Kc2 {[%clk 0:10:10]} Rf2+ {[%clk 0:10:41]} 48. Kd3
{[%clk 0:09:21]} Rxa2 {[%clk 0:11:03]} 49. Nc2 {[%clk 0:08:29]} dxc3
{[%clk 0:11:00]} 50. Rde1 {[%clk 0:08:57]} Rd8 {[%clk 0:09:19]} 51. R1e2
{[%clk 0:09:22]} Kc5+ {[%clk 0:08:15]} 52. Ke3 {[%clk 0:09:47]} Rd6
{[%clk 0:08:30]} 53. Rh2 {[%clk 0:07:19]} Bg7 {[%clk 0:08:20]} 54. h5
{[%clk 0:06:59]} gxh5 {[%clk 0:08:30]} 55. Reh4 {[%clk 0:06:18]} Rd5
{[%clk 0:06:01]} 56. Rxh5 {[%clk 0:06:32]} Kc4 {[%clk 0:05:36]} 57. Rh7
{[%clk 0:05:59]} Rxg5 {[%clk 0:05:39]} 58. Ke4 {[%clk 0:05:51]} Kb3
{[%clk 0:04:44]} 59. Rxg7 {[%clk 0:06:02]} Rxg7 {[%clk 0:05:01]} 60. Nd4+
{[%clk 0:06:30]} Ka3 {[%clk 0:05:19]} 61. Nb5+ {[%clk 0:06:36]} Kb4
{[%clk 0:05:43]} 0-1

[Event "WCO 2016"]
[Site "?"]
[Date "2016.09.11"]
[Round "9"]
[Board "5"]
[WhiteID "2020009"]
[White "Caruana Fabiano"]
[BlackID "1503014"]
[Black "Carlsen Magnus"]
[Result "1/2-1/2"]
[BlackElo "2857"]
[WhiteElo "2808"]
[LiveChessVersion "1.4.8"]

1. e4 {[%clk 1:30:57]} d5 {[%clk 1:28:24]} 2. exd5 {[%clk 1:31:21]} Qxd5
{[%clk 1:28:51]} 3. Nc3 {[%clk 1:31:45]} Qd6 {[%clk 1:29:10]} 4. d4
{[%clk 1:31:50]} Nf6 {[%clk 1:29:33]} 5. Nf3 {[%clk 1:32:02]} c6 {[%clk 1:29:41]}
6. Ne5 {[%clk 1:29:03]} Nbd7 {[%clk 1:30:05]} 7. Nc4 {[%clk 1:28:54]} Qc7
{[%clk 1:30:15]} 8. a4 {[%clk 1:27:10]} Nd5 {[%clk 1:21:23]} 9. Bd3
{[%clk 1:23:41]} g6 {[%clk 1:18:05]} 10. Qf3 {[%clk 1:09:13]} N7f6
{[%clk 1:15:49]} 11. Nxd5 {[%clk 1:08:25]} Nxd5 {[%clk 1:16:10]} 12. O-O
{[%clk 1:06:28]} Bg7 {[%clk 1:16:33]} 13. c3 {[%clk 1:06:51]} O-O
{[%clk 1:16:57]} 14. Qg3 {[%clk 1:02:15]} Qxg3 {[%clk 1:14:37]} 15. hxg3
{[%clk 1:02:34]} Rd8 {[%clk 1:14:57]} 16. Be2 {[%clk 0:45:07]} Be6
{[%clk 1:08:16]} 17. a5 {[%clk 0:42:44]} c5 {[%clk 0:48:30]} 18. dxc5
{[%clk 0:40:21]} Bxc3 {[%clk 0:48:58]} 19. a6 {[%clk 0:33:30]} bxa6
{[%clk 0:49:20]} 20. Na5 {[%clk 0:21:25]} Bxa5 {[%clk 0:39:44]} 21. Rxa5
{[%clk 0:21:44]} Nb4 {[%clk 0:40:07]} 22. Bf4 {[%clk 0:21:45]} Nc6
{[%clk 0:33:59]} 23. Ra3 {[%clk 0:21:45]} a5 {[%clk 0:34:14]} 24. Bb5
{[%clk 0:18:32]} Nd4 {[%clk 0:33:32]} 25. Ba6 {[%clk 0:18:49]} Bc8
{[%clk 0:32:58]} 26. Bc4 {[%clk 0:18:57]} Be6 {[%clk 0:33:19]} 27. Ba6
{[%clk 0:19:14]} Bc8 {[%clk 0:33:28]} 28. Bc4 {[%clk 0:19:39]} Be6
{[%clk 0:33:54]} 1/2-1/2

[Event "WCO 2016"]
[Site "?"]
[Date "2016.09.11"]
[Round "9"]
[Board "6"]
[WhiteID "1503707"]
[White "Hammer Jon Ludvig"]
[BlackID "2016192"]
[Black "Nakamura Hikaru"]
[Result "0-1"]
[BlackElo "2789"]
[WhiteElo "2651"]
[LiveChessVersion "1.4.8"]

1. d4 {[%clk 1:29:05]} Nf6 {[%clk 1:29:21]} 2. c4 {[%clk 1:29:28]} g6
{[%clk 1:29:47]} 3. Nf3 {[%clk 1:29:36]} Bg7 {[%clk 1:30:12]} 4. g3
{[%clk 1:30:00]} O-O {[%clk 1:30:12]} 5. Bg2 {[%clk 1:30:25]} d6 {[%clk 1:30:39]}
6. O-O {[%clk 1:30:44]} c5 {[%clk 1:31:06]} 7. dxc5 {[%clk 1:29:34]} dxc5
{[%clk 1:31:20]} 8. Ne5 {[%clk 1:29:41]} Qc7 {[%clk 1:31:46]} 9. Nd3
{[%clk 1:29:48]} Be6 {[%clk 1:31:30]} 10. Bf4 {[%clk 1:17:30]} Qc8
{[%clk 1:29:11]} 11. Nd2 {[%clk 1:12:04]} Bh3 {[%clk 1:24:21]} 12. Nf3
{[%clk 1:11:46]} Bxg2 {[%clk 1:23:18]} 13. Kxg2 {[%clk 1:12:13]} b6
{[%clk 1:22:42]} 14. Re1 {[%clk 0:44:15]} Qb7 {[%clk 1:03:28]} 15. Qc1
{[%clk 0:42:14]} Rd8 {[%clk 1:02:15]} 16. Bh6 {[%clk 0:30:16]} Bh8
{[%clk 0:58:16]} 17. Nde5 {[%clk 0:30:41]} Ne4 {[%clk 0:45:53]} 18. Qf4
{[%clk 0:29:55]} f6 {[%clk 0:43:08]} 19. Rad1 {[%clk 0:30:16]} Nd6
{[%clk 0:41:28]} 20. Ng4 {[%clk 0:23:31]} Nc6 {[%clk 0:40:46]} 21. Kg1
{[%clk 0:23:28]} Nf7 {[%clk 0:39:40]} 22. h3 {[%clk 0:16:14]} f5 {[%clk 0:26:19]}
23. Ngh2 {[%clk 0:16:39]} e5 {[%clk 0:25:26]} 24. Qc1 {[%clk 0:17:02]} e4
{[%clk 0:24:01]} 25. Nh4 {[%clk 0:17:30]} Rxd1 {[%clk 0:23:44]} 26. Rxd1
{[%clk 0:17:49]} Nd4 {[%clk 0:24:12]} 27. Re1 {[%clk 0:17:41]} Qa6
{[%clk 0:24:11]} 28. Be3 {[%clk 0:17:32]} Qxa2 {[%clk 0:23:50]} 29. g4
{[%clk 0:17:58]} Bf6 {[%clk 0:23:14]} 30. Ng2 {[%clk 0:17:53]} Ne6
{[%clk 0:23:25]} 31. gxf5 {[%clk 0:18:17]} gxf5 {[%clk 0:23:54]} 32. Nf1
{[%clk 0:18:02]} 0-1

[Event "WCO 2016"]
[Site "?"]
[Date "2016.09.11"]
[Round "9"]
[Board "7"]
[WhiteID "5202213"]
[White "So Wesley"]
[BlackID "1510045"]
[Black "Tari Aryan"]
[Result "1/2-1/2"]
[BlackElo "2570"]
[WhiteElo "2782"]
[LiveChessVersion "1.4.8"]

1. e4 {[%clk 1:30:59]} e5 {[%clk 1:29:14]} 2. Nf3 {[%clk 1:31:24]} Nc6
{[%clk 1:29:36]} 3. Bc4 {[%clk 1:31:50]} Bc5 {[%clk 1:29:39]} 4. O-O
{[%clk 1:32:15]} Nf6 {[%clk 1:29:50]} 5. d3 {[%clk 1:32:41]} a6 {[%clk 1:29:56]}
6. c3 {[%clk 1:32:52]} Ba7 {[%clk 1:29:32]} 7. a4 {[%clk 1:29:24]} d6
{[%clk 1:27:53]} 8. Re1 {[%clk 1:26:05]} O-O {[%clk 1:20:28]} 9. h3
{[%clk 1:24:00]} Be6 {[%clk 1:13:41]} 10. Nbd2 {[%clk 1:15:15]} Ne7
{[%clk 1:09:07]} 11. Bxe6 {[%clk 1:10:51]} fxe6 {[%clk 1:09:18]} 12. Nf1
{[%clk 1:09:21]} Ng6 {[%clk 1:08:50]} 13. Ng3 {[%clk 1:06:37]} Qd7
{[%clk 0:58:35]} 14. d4 {[%clk 1:00:29]} exd4 {[%clk 0:51:20]} 15. cxd4
{[%clk 0:58:04]} b5 {[%clk 0:50:01]} 16. Be3 {[%clk 0:53:32]} c5 {[%clk 0:36:06]}
17. axb5 {[%clk 0:42:10]} axb5 {[%clk 0:35:25]} 18. dxc5 {[%clk 0:42:32]} Bxc5
{[%clk 0:34:06]} 19. Qb3 {[%clk 0:42:49]} Bxe3 {[%clk 0:30:46]} 20. Qxe3
{[%clk 0:41:33]} e5 {[%clk 0:25:55]} 21. Rad1 {[%clk 0:39:53]} Kh8
{[%clk 0:24:46]} 22. Qb6 {[%clk 0:28:50]} Rad8 {[%clk 0:20:33]} 23. Re3
{[%clk 0:29:13]} d5 {[%clk 0:18:10]} 24. exd5 {[%clk 0:27:34]} Nxd5
{[%clk 0:18:37]} 25. Qc5 {[%clk 0:27:51]} Qb7 {[%clk 0:16:25]} 26. Rb3
{[%clk 0:21:00]} b4 {[%clk 0:14:19]} 27. Qc2 {[%clk 0:14:18]} Ndf4
{[%clk 0:12:34]} 28. Rxd8 {[%clk 0:13:14]} Rxd8 {[%clk 0:12:56]} 29. Qc4
{[%clk 0:09:48]} Rd4 {[%clk 0:12:14]} 30. Qf1 {[%clk 0:09:11]} Rd8
{[%clk 0:11:29]} 31. Qc4 {[%clk 0:09:36]} Rd4 {[%clk 0:11:52]} 32. Qf1
{[%clk 0:08:09]} Rd8 {[%clk 0:12:09]} 33. Qc4 {[%clk 0:06:20]} 1/2-1/2

[Event "WCO 2016"]
[Site "?"]
[Date "2016.09.11"]
[Round "9"]
[Board "8"]
[WhiteID "1506102"]
[White "Urkedal Frode"]
[BlackID "2004887"]
[Black "Shankland Samuel L"]
[Result "0-1"]
[BlackElo "2679"]
[WhiteElo "2537"]
[LiveChessVersion "1.4.8"]

1. e4 {[%clk 1:28:43]} c5 {[%clk 1:29:56]} 2. Nf3 {[%clk 1:29:06]} d6
{[%clk 1:30:21]} 3. d4 {[%clk 1:29:25]} cxd4 {[%clk 1:30:44]} 4. Nxd4
{[%clk 1:29:48]} Nf6 {[%clk 1:31:08]} 5. Nc3 {[%clk 1:30:10]} a6 {[%clk 1:31:28]}
6. Bg5 {[%clk 1:30:24]} Nbd7 {[%clk 1:30:47]} 7. Qe2 {[%clk 1:30:31]} h6
{[%clk 1:30:19]} 8. Bh4 {[%clk 1:30:05]} g6 {[%clk 1:27:40]} 9. O-O-O
{[%clk 1:26:26]} e5 {[%clk 1:27:43]} 10. Nb3 {[%clk 1:25:20]} Be7
{[%clk 1:28:10]} 11. Kb1 {[%clk 1:11:09]} b5 {[%clk 1:27:25]} 12. a3
{[%clk 1:10:07]} Qc7 {[%clk 1:23:49]} 13. f3 {[%clk 1:07:14]} Kf8
{[%clk 1:19:10]} 14. Bf2 {[%clk 0:56:54]} Kg7 {[%clk 1:09:55]} 15. h4
{[%clk 0:54:18]} Nb6 {[%clk 1:00:11]} 16. g3 {[%clk 0:41:04]} Rb8
{[%clk 0:56:23]} 17. Bxb6 {[%clk 0:23:03]} Qxb6 {[%clk 0:54:34]} 18. Bh3
{[%clk 0:21:47]} a5 {[%clk 0:53:28]} 19. Bxc8 {[%clk 0:20:42]} Rhxc8
{[%clk 0:53:54]} 20. Nd5 {[%clk 0:20:50]} Nxd5 {[%clk 0:54:02]} 21. Rxd5
{[%clk 0:20:56]} a4 {[%clk 0:53:52]} 22. Nc1 {[%clk 0:20:51]} b4 {[%clk 0:54:19]}
23. axb4 {[%clk 0:21:02]} Qxb4 {[%clk 0:54:35]} 24. Nd3 {[%clk 0:18:45]} Qc3
{[%clk 0:50:10]} 25. Kc1 {[%clk 0:13:11]} Qc4 {[%clk 0:49:47]} 26. Rh2
{[%clk 0:10:45]} a3 {[%clk 0:49:13]} 27. bxa3 {[%clk 0:10:48]} Qa2
{[%clk 0:49:33]} 28. Kd1 {[%clk 0:06:06]} Rb1+ {[%clk 0:49:56]} 29. Nc1
{[%clk 0:06:32]} Qxa3 {[%clk 0:50:22]} 30. Qd2 {[%clk 0:06:56]} Qxf3+
{[%clk 0:50:46]} 31. Re2 {[%clk 0:07:15]} Qxg3 {[%clk 0:50:41]} 0-1

[Event "WCO 2016"]
[Site "?"]
[Date "2016.09.11"]
[Round "9"]
[Board "9"]
[WhiteID "12500739"]
[White "Ghaem Maghami Ehsan"]
[BlackID "400041"]
[Black "Adams Michael"]
[Result "1/2-1/2"]
[BlackElo "2738"]
[WhiteElo "2566"]
[LiveChessVersion "1.4.8"]

1. d4 {[%clk 1:30:59]} Nf6 {[%clk 1:30:53]} 2. c4 {[%clk 1:31:15]} e6
{[%clk 1:31:18]} 3. g3 {[%clk 1:31:35]} d5 {[%clk 1:31:34]} 4. Bg2
{[%clk 1:30:53]} Bb4+ {[%clk 1:31:47]} 5. Bd2 {[%clk 1:29:01]} Be7
{[%clk 1:31:04]} 6. Nf3 {[%clk 1:29:21]} O-O {[%clk 1:31:15]} 7. O-O
{[%clk 1:29:39]} Nbd7 {[%clk 1:31:20]} 8. Qc2 {[%clk 1:28:29]} c6
{[%clk 1:31:35]} 9. Rd1 {[%clk 1:24:39]} b6 {[%clk 1:31:16]} 10. b3
{[%clk 1:14:59]} a5 {[%clk 1:28:36]} 11. Bf4 {[%clk 1:11:13]} Ba6
{[%clk 1:25:36]} 12. Nbd2 {[%clk 1:08:19]} Nh5 {[%clk 1:24:55]} 13. Be3
{[%clk 1:06:53]} Rc8 {[%clk 1:18:20]} 14. Ne5 {[%clk 1:06:02]} Nhf6
{[%clk 1:12:54]} 15. Ndf3 {[%clk 1:02:21]} Nxe5 {[%clk 1:06:19]} 16. dxe5
{[%clk 0:58:41]} Nd7 {[%clk 1:05:35]} 17. h4 {[%clk 0:58:12]} h6 {[%clk 1:00:11]}
18. Qd2 {[%clk 0:52:20]} Bb4 {[%clk 0:51:30]} 19. Qd4 {[%clk 0:49:04]} Bc5
{[%clk 0:44:19]} 20. Qf4 {[%clk 0:47:23]} b5 {[%clk 0:42:41]} 21. Bxc5
{[%clk 0:38:28]} Nxc5 {[%clk 0:43:09]} 22. Qe3 {[%clk 0:37:18]} Qe7
{[%clk 0:40:31]} 23. cxd5 {[%clk 0:33:52]} cxd5 {[%clk 0:40:57]} 24. Nd4
{[%clk 0:32:53]} b4 {[%clk 0:39:45]} 25. Rac1 {[%clk 0:32:17]} Rc7
{[%clk 0:35:28]} 26. Rc2 {[%clk 0:31:51]} Rfc8 {[%clk 0:35:33]} 27. Rdc1
{[%clk 0:32:05]} Qd7 {[%clk 0:29:51]} 28. f4 {[%clk 0:21:51]} Nb7
{[%clk 0:25:30]} 29. Qd2 {[%clk 0:20:41]} Nd8 {[%clk 0:19:18]} 30. Rxc7
{[%clk 0:11:37]} Rxc7 {[%clk 0:19:47]} 31. Kf2 {[%clk 0:11:05]} 1/2-1/2

[Event "WCO 2016"]
[Site "?"]
[Date "2016.09.11"]
[Round "9"]
[Board "10"]
[WhiteID "410608"]
[White "Howell David W L"]
[BlackID "12539929"]
[Black "Maghsoodloo Parham"]
[Result "1/2-1/2"]
[BlackElo "2566"]
[WhiteElo "2665"]
[LiveChessVersion "1.4.8"]

1. e4 {[%clk 1:30:48]} d6 {[%clk 1:30:16]} 2. d4 {[%clk 1:31:03]} g6
{[%clk 1:30:33]} 3. Bc4 {[%clk 1:27:52]} Bg7 {[%clk 1:27:08]} 4. Nf3
{[%clk 1:28:03]} c6 {[%clk 1:20:02]} 5. Bb3 {[%clk 1:25:38]} d5 {[%clk 1:17:14]}
6. Nc3 {[%clk 1:21:25]} Nf6 {[%clk 1:14:58]} 7. e5 {[%clk 1:18:47]} Nfd7
{[%clk 1:15:07]} 8. O-O {[%clk 1:03:10]} O-O {[%clk 1:12:25]} 9. Re1
{[%clk 0:59:37]} Na6 {[%clk 0:52:40]} 10. Bf4 {[%clk 0:52:37]} Nb6
{[%clk 0:49:18]} 11. h3 {[%clk 0:51:34]} h6 {[%clk 0:39:59]} 12. Ne2
{[%clk 0:41:08]} g5 {[%clk 0:34:16]} 13. Bh2 {[%clk 0:37:47]} Nc4
{[%clk 0:31:33]} 14. Qc1 {[%clk 0:35:19]} Na5 {[%clk 0:31:57]} 15. Ng3
{[%clk 0:26:25]} Nxb3 {[%clk 0:30:34]} 16. axb3 {[%clk 0:26:50]} f6
{[%clk 0:22:19]} 17. exf6 {[%clk 0:22:03]} exf6 {[%clk 0:22:39]} 18. c3
{[%clk 0:18:40]} Qd7 {[%clk 0:16:44]} 19. Re2 {[%clk 0:13:47]} Nc7
{[%clk 0:09:59]} 20. Qc2 {[%clk 0:13:22]} Re8 {[%clk 0:10:21]} 21. Rxe8+
{[%clk 0:06:49]} Nxe8 {[%clk 0:10:38]} 22. Re1 {[%clk 0:07:06]} Qf7
{[%clk 0:10:44]} 23. Nf5 {[%clk 0:02:20]} Bf8 {[%clk 0:09:34]} 24. Nd2
{[%clk 0:02:47]} Bxf5 {[%clk 0:09:12]} 25. Qxf5 {[%clk 0:03:09]} Ng7
{[%clk 0:09:41]} 26. Qb1 {[%clk 0:00:58]} Re8 {[%clk 0:09:27]} 27. Nf1
{[%clk 0:01:21]} Rxe1 {[%clk 0:08:37]} 28. Qxe1 {[%clk 0:01:49]} Qe6
{[%clk 0:07:26]} 29. Qxe6+ {[%clk 0:01:41]} Nxe6 {[%clk 0:07:54]} 30. Ne3
{[%clk 0:02:01]} h5 {[%clk 0:05:55]} 31. g4 {[%clk 0:01:16]} hxg4
{[%clk 0:06:05]} 32. hxg4 {[%clk 0:01:41]} Kf7 {[%clk 0:06:18]} 33. Kf1
{[%clk 0:01:11]} Ke8 {[%clk 0:06:22]} 34. Nf5 {[%clk 0:01:00]} Kd7
{[%clk 0:05:18]} 35. b4 {[%clk 0:00:42]} Be7 {[%clk 0:02:59]} 36. Ke2
{[%clk 0:00:43]} Bd8 {[%clk 0:02:51]} 37. Ke3 {[%clk 0:01:11]} Bc7
{[%clk 0:02:25]} 38. Bxc7 {[%clk 0:01:34]} Nxc7 {[%clk 0:02:39]} 39. Ng7
{[%clk 0:00:38]} Ne8 {[%clk 0:01:40]} 40. Nxe8 {[%clk 0:30:35]} Kxe8
{[%clk 0:32:04]} 41. Kd3 {[%clk 0:26:47]} 1/2-1/2